Countries With SPORCLE Quiz Stats

 Plays Quiz Updated Jul 2, 2018

Challenge
Share
Tweet
Embed
Score 0/74 Timer 12:00
6 Plays Today
Country % Correct
Spain
90.9%
Portugal
89.2%
Oman
87%
Russia
84.9%
Canada
84.7%
Sweden
84.3%
China
82.7%
Lithuania
82.4%
South Africa
81.7%
Latvia
80.7%
Sudan
80%
Peru
79.9%
Switzerland
79.6%
Chile
79.5%
Ethiopia
78.7%
Egypt
78.5%
South Korea
78.3%
Laos
77.6%
Estonia
77.4%
Poland
76.1%
Rwanda
76.1%
Romania
76%
Ecuador
75.6%
Libya
74.5%
Luxembourg
74.3%
South Sudan
74.3%
Colombia
74.1%
Paraguay
73.5%
Slovakia
73.5%
Eritrea
73.3%
Cuba
72%
Slovenia
71.9%
Panama
71.5%
Cambodia
71%
Chad
70.8%
Liechtenstein
70.3%
Pakistan
70.2%
Country % Correct
Saudi Arabia
68.9%
eSwatini
68.6%
Czechia
68.4%
Liberia
68.3%
Lebanon
67.7%
Syria
67.5%
Somalia
67.4%
Suriname
67.4%
Croatia
66.9%
Serbia
66.5%
St. Kitts and Nevis
66.2%
Lesotho
66%
El Salvador
65.4%
Cameroon
64.8%
Senegal
64.6%
Republic of Congo
64.4%
Costa Rica
64%
Singapore
63.1%
Sri Lanka
63%
Philippines
62.6%
San Marino
62.4%
St. Lucia
61.9%
Seychelles
61.8%
Cyprus
60.2%
St. Vincent and the Grenadines
59.2%
Central African Republic
59%
Papua New Guinea
57.5%
Palau
57.3%
Comoros
56.4%
Equatorial Guinea
55.2%
Samoa
54.5%
Sierra Leone
54.4%
Solomon Islands
53.2%
São Tomé and Príncipe
52.3%
Palestine
51.7%
Côte d'Ivoire
50.4%
Cabo Verde
49.5%

You're not logged in!

Compare scores with friends on all Sporcle quizzes.
OR
Log In

You Might Also Like...

Show Comments

Extras

Top Quizzes Today


Score Distribution

Your Account Isn't Verified!

In order to create a playlist on Sporcle, you need to verify the email address you used during registration. Go to your Sporcle Settings to finish the process.

Report this User

Report this user for behavior that violates our Community Guidelines.

Details: